000 00325nam a22001217a 4500
041 _aENG
100 _aA.P.Pradesh
245 _aPilot Project Studies For Quality Control OF Agricultural Pumpsets
260 _aMumbai
_bAgricultural Refince And Development
_c1980
300 _a176
650 _aFMP (23)
856 _uFMP (23)
999 _c2736
_d2736